| 000 | 00385 a2200169 4500 | ||
|---|---|---|---|
| 001 | 157334 | ||
| 020 | _a978-85-93572-24-1 | ||
| 040 | _cEscola São Tomás de Aquino | ||
| 100 | _aLUZ, Jalmelice | ||
| 240 | 1 | 0 |
_aPeixe-amigo-pássaro _lpor |
| 245 | 1 | 0 | _aPeixe-amigo-pássaro |
| 300 | _a32 | ||
| 362 | 0 | _a2018 | |
| 440 | 1 | _aPáginas | |
| 697 | _a*LITERATURA INFANTO | ||
| 942 | _cBK | ||
| 999 |
_c157334 _d157334 |
||